000 00370nam a22001217a 4500
999 _c1155
_d1155
005 20200825153037.0
008 200825b ||||| |||| 00| 0 eng d
020 _a827
040 _cCML
245 _aAn Etymologicsal Dictionary.
_cSkeat, R.W.W.
260 _aGreat Britain
_bUniversity Press Oxford
_c1956
942 _2ddc
_cBK
_e1st Edition
_h423
_kR432
_mSKE